| 000 | 00829nam a2200241 a 4500 | ||
|---|---|---|---|
| 001 | BRCA_1696 | ||
| 005 | 20190320203519.0 | ||
| 008 | 920924s1991 mx-a---##b---#000-0#spa-# | ||
| 020 | _a9686084436 | ||
| 040 |
_aDLC _cDLC _dDLC |
||
| 050 | 4 |
_aF1391.O3 _b.O78 1991 |
|
| 100 | 1 |
_aOrtiz Lajous, Jaime _93911 |
|
| 245 | 1 | 0 |
_aOaxaca _btesoros del Centro Histórico _cJaime Ortiz Lajous. |
| 260 |
_aMéxico _bGrupo Azabache _c1991 |
||
| 300 |
_a178 p. _bil. a color _c30 cm. |
||
| 504 | _aBibliografía: p. 178 | ||
| 650 | 1 | 4 |
_aArte y simbolismo cristiano _zMéxico _94479 |
| 650 | 1 | 4 |
_aArte barroco _zMéxico _92322 |
| 650 | 1 | 4 |
_aDecoración y ornamentación arquitectónica _zMéxico _95302 |
| 650 | 1 | 4 |
_aDecoración y ornamentación de iglesias _zMéxico _95303 |
| 651 | 4 |
_aOaxaca de Juárez (México) _xHistoria _95304 |
|
| 942 |
_2lcc _cB |
||
| 999 |
_c1487 _d1487 |
||